Sports Quiz

Random Sports or Baseball Quiz

MLB Spring Training - Grapefruit League Quiz Stats

Quiz not verified by Sporcle

Challenge
Share
Tweet
Embed
Score 0/15 Timer 03:00
0 Plays Today
City and Team % Correct
New York Mets
96.1%
New York Yankees
96.1%
Florida Marlins
94.1%
Atlanta Braves
92.2%
Washington Nationals
88.2%
Pittsburgh Pirates
84.3%
Philadelphia Phillies
84.3%
Baltimore Orioles
82.4%
City and Team % Correct
Houston Astros
80.4%
Minnesota Twins
80.4%
Tampa Bay Rays
80.4%
St. Louis Cardinals
76.5%
Boston Red Sox
74.5%
Detroit Tigers
72.5%
Toronto Blue Jays
62.7%

You're not logged in!

Compare scores with friends on all Sporcle quizzes.
Join for Free
OR
Log In

You Might Also Like...

Show Comments

Extras

Top Quizzes Today


Score Distribution

Your Account Isn't Verified!

In order to create a playlist on Sporcle, you need to verify the email address you used during registration. Go to your Sporcle Settings to finish the process.

Report this User

Report this user for behavior that violates our Community Guidelines.

Details: